Znalostná kultúra medzinárodných spoločných podnikov

Intelektuálny kapitál v podobe existujúcich poznatkov a know-how je v súčasnosti jedným zo širokej škály aspektov, ktoré je nutné posudzovať pri vytváraní medzinárodných spoločných podnikov. V minulosti bolo zakladanie spoločných podnikov motivované najmä snahou partnerov o zdieľanie schopností a zd...

Ausführliche Beschreibung

Gespeichert in:
Bibliographische Detailangaben
1. Verfasser: Mesároš, Peter
Weitere Verfasser: Bobenič Hintošová, Aneta, 1979-
Format: Buchkapitel
Sprache:Slowakisch
Schlagworte:
Tags: Tag hinzufügen
Keine Tags, Fügen Sie das erste Tag hinzu!

MARC

LEADER 00000nla$a2200000$$$4500
001 0125203
005 20240502072427.0
041 0 |a slo 
044 |a SK 
245 1 0 |a Znalostná kultúra medzinárodných spoločných podnikov  |c Peter Mesároš, Aneta Bobenič Hintošová 
520 |a Intelektuálny kapitál v podobe existujúcich poznatkov a know-how je v súčasnosti jedným zo širokej škály aspektov, ktoré je nutné posudzovať pri vytváraní medzinárodných spoločných podnikov. V minulosti bolo zakladanie spoločných podnikov motivované najmä snahou partnerov o zdieľanie schopností a zdrojov jednotlivých partnerov, v mnohých prípadoch však nešlo o rovnocenných hráčov nielen z pohľadu kapitálovej sily partnera, ale aj z hľadiska manažérskych schopností a skúseností. Práve znalostný aspekt spoločného podnikania, založený na tvorbe a účinnom transfere a využití znalostí je z pohľadu budúcej prosperity partnerstva kľúčovým faktorom úspechu spoločného podniku. O tom, do akej miery bude vytváranie, transfer a využívanie znalostí v spoločnom podniku úspešné, vypovedá najmä znalostná kultúra, ktorá existuje v pôvodných spoločnostiach partnerov. Ide pritom najmä o filozofiu a spôsob tvorby a zdieľania znalostí, ktorá je založená na princípe tímovej práce, vytváraní komunít, účinnej vnútropodnikovej komunikácii, motivácii zamestnancov – nositeľov znalostí a pod. 
610 2 0 |a podnikanie 
610 2 0 |a podnik spoločný 
610 2 0 |a vedomosti 
610 2 0 |a know-how 
610 2 0 |a manažment znalostný 
610 2 0 |a kultúra podniková 
610 2 0 |a kultúra podnikania 
610 2 0 |a kapitál intelektuálny 
100 1 |a Mesároš, Peter 
700 1 |a Bobenič Hintošová, Aneta, 1979-